000 01242nam a2200277Ia 4500
003 OSt
005 20221005103608.0
006 a|||||r|||| 00| 0
007 ta
008 221004b |||||||| |||| 00| 0 san d
020 _a9789387297777 (hbk)
_cINR 600.00
024 _a66011
037 _b278, 13/01/2020, Eastern Book Linkers
_cTextual
040 _aCRL
_cCRL
_bsan
041 _2san
_asan
082 _aY15-73(Q2):1, 152R0
100 _aअल्तेकर, ए. एस, ले.
_9623682
245 0 _aहिन्दू सभ्यता में नारियों की स्थिति
_b प्रागैतिहासिक कालावधि से वर्तमान काल तक
246 _aHindū sabhyatā mean nāriyoan kī sthiti: prāgaitihāsik kālāvadhi se vartamān kāl taka
260 _aजोधपुुर
_bराजस्थानी ग्रन्थागार भारत
_c2020
300 _a363पृ0
_ccm.
650 _a नारी
650 _aहिन्दू समाज
942 _hY15-73(Q2):1, 152R0
_cTEXL
_2cc
999 _c1010381
_d1010381